Série Lucia. Nenávist : thriller /
Další případ pro vyšetřovatelku Luciu, která tentokrát řeší sériové vraždy z dvou různých světů - někdo vraždí ženy z pracující střední třídy, a druhý vrah se zase zaměřuje na boháče...
Uloženo v:
| Série: | Lucia,
část 2 |
|---|---|
| Hlavní autor: | |
| Další autoři: | |
| Médium: | E-kniha |
| Jazyk: | Czech |
| Vydáno: |
V Praze :
XYZ,
2024
|
| Vydání: | První vydání |
| Témata: | |
| Příbuzné jednotky: | Z cyklu::
Lucia |
| Tagy: |
Žádné tagy |
| LEADER | 02752nam a2200493 i 4500 | ||
|---|---|---|---|
| 001 | 312549 | ||
| 003 | CZ PrSKC | ||
| 005 | 20260601215724.0 | ||
| 007 | ta | ||
| 008 | 241108s2024 xr b g 000 f cze | ||
| 015 | |a cnb003641816 | ||
| 020 | |a 9788076836617 |q (vázáno) | ||
| 035 | |a (OCoLC)1483792480 | ||
| 040 | |a ABG001 |b cze |e rda | ||
| 041 | 1 | |a cze |h fre | |
| 072 | 7 | |a 821.133.1-3 |x Francouzská próza, francouzsky psaná |2 Konspekt | |
| 080 | |a 821.133.1-31 |2 MRF | ||
| 080 | |a (0:82-312.4) |2 MRF | ||
| 100 | 1 | |a Minier, Bernard, |d 1960- |7 xx0192250 |4 aut | |
| 240 | 1 | 0 | |a Effacées. |l Česky |
| 245 | 1 | 0 | |a Série Lucia. |p Nenávist : thriller / |c Bernard Minier ; z francouzského originálu Les Effacees ... přeložila Blanka Carrière |
| 246 | 3 | 0 | |a Nenávist |
| 250 | |a První vydání | ||
| 264 | 1 | |a V Praze : |b XYZ, |c 2024 | |
| 300 | |a 417 stran : |b mapy ; |c 22 cm | ||
| 336 | |a text |b txt |2 rdacontent | ||
| 337 | |a bez média |b n |2 rdamedia | ||
| 338 | |a svazek |b nc |2 rdacarrier | ||
| 520 | 2 | |a Další případ pro vyšetřovatelku Luciu, která tentokrát řeší sériové vraždy z dvou různých světů - někdo vraždí ženy z pracující střední třídy, a druhý vrah se zase zaměřuje na boháče... |b Neznámý zabiják v Galicii vraždí pracující ženy, které brzy ráno pospíchají do zaměstnání. Nenápadné. Neviditelné. Zničehonic vymazané... V Madridu zatím útočí atentátník na miliardáře a zanechává na zdech jejich rezidencí krátký vzkaz: SMRT BOHATÝM. Dva světy dvou různých zabijáků mají jedno společné - bezprecedentní a výbušnou konfrontaci společenských vrstev. Vyšetřovatelka Lucia rozehrává vysokou hru. Kdo je ale oběť a kdo lovec? Není komisařka nakonec jen pouhou hračkou v rukou nelítostných zabijáků? Nakladatelská anotace. | |
| 546 | |a Český text | ||
| 655 | 7 | |a francouzské romány |7 fd132289 |2 czenas | |
| 655 | 7 | |a detektivní romány |7 fd132010 |2 czenas | |
| 655 | 7 | |a thrillery (romány) |7 fd184206 |2 czenas | |
| 655 | 9 | |a French fiction |2 eczenas | |
| 655 | 9 | |a detective novels |2 eczenas | |
| 655 | 9 | |a thrillers (novels) |2 eczenas | |
| 700 | 1 | |a Carrière, Blanka, |d 1973- |7 mzk2006337068 |4 trl | |
| 787 | 0 | 8 | |i Z cyklu: |t Lucia |g 2 |
| 900 | |a ABA001 |b 20 | ||
| 928 | 9 | |a Albatros Media - XYZ | |
| 044 | |a xr | ||
| 910 | |a RBIT002 | ||
| 998 | |d 415055 |a https://core.palmknihy.cz/api/books/415055/cover?slvvf1 |b https://core.palmknihy.cz/api/books/415055/cover/400?slvvf1 |c https://core.palmknihy.cz/api/books/415055/cover/50?slvvf1 |e 2050-12-31 |g 424 |i 9788076836617 |j https://core.palmknihy.cz/api/books/415055/preview.epub |k https://core.palmknihy.cz/api/books/415055/preview.pdf |l |q 49 |r 1 |s https://www.palmknihy.cz/kniha/415055 |t ebook |y 2024 |z 0 | ||
| 999 | |d 312547 | ||